000 00477nam a22001937a 4500
003 LK-CoMWRAF
005 20231122110118.0
008 231122b |||||||| |||| 00| 0 eng d
020 _a0195649966
040 _aLK-CoMWRAF
_dLK-CoMWRAF
_eLK-CoMWRAF
041 _aeng
082 _a425
_bPAU
100 _aPaul, Teresa
245 _aWrite on target : Book 6
260 _aIndia
_bOxford University press,
_c2000
300 _a80p
650 _aEnglish writing
942 _cBK
999 _c4208
_d4208